Normal view
MARC view
- Syed, Izza
Entry Personal Name
001 - CONTROL NUMBER
- control field: 130630
003 - CONTROL NUMBER IDENTIFIER
- control field: NUST
005 - DATE AND TIME OF LATEST TRANSACTION
- control field: 20250923130351.0
008 - FIXED-LENGTH DATA ELEMENTS
- fixed length control field: 250923|| aca||aabn | a|a d
040 ## - CATALOGING SOURCE
- Original cataloging agency: NUST
- Transcribing agency: NUST
100 ## - HEADING--PERSONAL NAME
- Personal name: Syed, Izza
670 ## - SOURCE DATA FOUND
- Source citation: Work cat.: (NUST): Syed, Izza, Eco-Anxiety and Pro-Environmental Behaviours amongst Gen-Z in Islamabad
